000 00529pab a2200181 454500
008 180718b1995 xxu||||| |||| 00| 0 eng d
100 _aSau, Ranjit
245 _aSome notes on international monetary reform
260 _c1995
300 _ap.1677-681
362 _a8 Jul
650 _aForeign exchange rates - India
650 _aInternational economic relations
650 _aInternational finance - Law and legislation - India
650 _aMonetary policy
773 _aEconomic and Political Weekly
909 _a29457
999 _c29457
_d29457